Idegenforgalmi célú fejlesztések lehetőségei Nagymaroson

Bibliográfiai részletek
Szerző: Godó Adrienn
További közreműködők: Petykó Dr. Csilla
Dokumentumtípus: Diplomadolgozat
Kulcsszavak:turisztika
fejlesztés
Dunakanyar
Online Access:http://dolgozattar.uni-bge.hu/11193

MARC

LEADER 00000nta a2200000 i 4500
001 dolg11193
005 20170904142423.0
008 170512suuuu hu om 000 hun d
040 |a BGE Dolgozattár Repozitórium  |b hun 
041 |a hu 
100 1 |a Godó Adrienn 
245 1 0 |a Idegenforgalmi célú fejlesztések lehetőségei Nagymaroson  |c Godó Adrienn  |h [elektronikus dokumentum] 
695 |a turisztika 
695 |a fejlesztés 
695 |a Dunakanyar 
700 1 |a Petykó Dr. Csilla  |e ths 
856 4 0 |u http://dolgozattar.uni-bge.hu/11193/1/Szakdolgozat_Godo%20Adrienn2.pdf  |z Dokumentum-elérés